Catalog

Record Details

Catalog Search



Helpful Ninja  Cover Image Book Book

Helpful Ninja / by Mary Nhin ; pictures by Jelena Stupar.

Nhin, Mary, (author.). Stupar, Jelena, (illustrator.).

Summary:

Helpful Ninja learns how great it feels to be helpful to others. Life is tough, but so are you! Life is hard! And it's even harder for children who are just trying to figure things out.

Record details

  • ISBN: 9781951056056
  • ISBN: 1951056051
  • ISBN: 9781953399557
  • ISBN: 195339955X
  • Physical Description: 1 volume (unpaged) : color illustrations ; 23 cm
  • Publisher: USA : Grow Grit Press LLC, [2019]
Subject: Helping behavior > Juvenile fiction.
Helpfulness > Fiction.
Self esteem
Emotions and feelings
Genre: Juvenile works.
Picture books.

Available copies

  • 1 of 1 copy available at scottsboropl.

Holds

  • 0 current holds with 1 total copy.
Show Only Available Copies
Location Call Number / Copy Notes Barcode Shelving Location Status Due Date
scottsboropl E Nhi 32269001239634 Juvenile - Easy Available -

LDR 01689cam a2200421 i 4500
001161888
003SBPL
00520231010151359.0
008210316s2019 xx a a 000 1 eng d
040 . ‡aWIM ‡beng ‡erda ‡cWIM ‡dOCLCO ‡dWIQ ‡dOCLCF ‡dJTH ‡dOCLCQ ‡dOCLCO
020 . ‡a9781951056056 ‡q(paperback)
020 . ‡a1951056051 ‡q(paperback)
020 . ‡a9781953399557 ‡q(hardcover)
020 . ‡a195339955X ‡q(hardcover)
035 . ‡a(OCoLC)1241985918
08214. ‡a155.232
1001 . ‡aNhin, Mary, ‡eauthor.
24510. ‡aHelpful Ninja / ‡cby Mary Nhin ; pictures by Jelena Stupar.
264 1. ‡aUSA : ‡bGrow Grit Press LLC, ‡c[2019]
300 . ‡a1 volume (unpaged) : ‡bcolor illustrations ; ‡c23 cm
336 . ‡atext ‡btxt ‡2rdacontent
336 . ‡astill image ‡bsti ‡2rdacontent
337 . ‡aunmediated ‡bn ‡2rdamedia
338 . ‡avolume ‡bnc ‡2rdacarrier
520 . ‡aHelpful Ninja learns how great it feels to be helpful to others. Life is tough, but so are you! Life is hard! And it's even harder for children who are just trying to figure things out.
650 0. ‡aHelping behavior ‡vJuvenile fiction.
650 1. ‡aHelpfulness ‡vFiction.
6500 . ‡aSelf esteem
6500 . ‡aEmotions and feelings
655 7. ‡aJuvenile works.
655 7. ‡aPicture books. ‡2lcgft
7001 . ‡aStupar, Jelena, ‡eillustrator.
901 . ‡a161888 ‡bAUTOGEN ‡c161888 ‡tbiblio

Additional Resources